Words Formed From E, R, S, V - Statistics

General Stats
  • This quiz has been taken 91 times
  • The average score is 16 of 28
Answer Stats
Answer % Correct
Vers
93%
Serve
91%
Verse
91%
Rev
89%
Sev
84%
See
79%
Eve
77%
Sever
77%
Seer
75%
Ever
73%
Vee
71%
Ree
66%
Reverse
66%
Ere
64%
Veer
64%
Reserve
61%
Ers
59%
Severe
54%
Verre
46%
Err
45%
Sere
45%
Revere
43%
Reeve
36%
Ess
30%
Verve
18%
Resee
9%
Sese
7%
Seeress
4%
No matching quizzes found
Score Distribution
Percent of People with Each Score
Percentile by Number Answered
Your Score History
You have not taken this quiz